00667nam a2200217Ia 4500008004100000040001400041082001900055100002100074245002800095250001300123260003100136300001700167365002800184366000800212505002200220530003000242620009200272630002800364650002900392730002800421100315s9999 xx 000 0 und d cENGLISH  b10125 a337  a"Jhingan, M.L. " aINTERNATIONAL ECONOMICS a2nd ed  aDelhi bKonark  c1988  a"xii,467  " eRupees d1 b125.00  f0  gVaibhav Gaikwad  bDonated By RBI Library   a"International Economics, International Trade, Commercial Policy, Economic, RBI Book " aINTERNATIONAL ECONOMICS aInternational Economic  aINTERNATIONAL ECONOMICS